Actividades desarrolladas en la planificación energética en Centroamérica

Situación de Centroamérica referente al consumo de energía y petróleo. Analiza brevemente la situación mundial y centroamericana en torno al problema energético (oferta y demanda de energía proyecciones de esta oferta y demanda) revisa las políticas de planificación que se han realizado en este camp...

Descrizione completa

Salvato in:
Dettagli Bibliografici
Ente Autore: SIECA
Natura: testo
Pubblicazione: Guatemala: SIECA
Soggetti:
Tags: Aggiungi Tag
Nessun Tag, puoi essere il primo ad aggiungerne!!

MARC

LEADER 00000 a a2200000 04500
001 20032
003
040
090 |a 082000  
110 |a SIECA  
245 |a Actividades desarrolladas en la planificación energética en Centroamérica  
260 |a Guatemala:   |b SIECA  
300 |a 41 p.  
520 |a Situación de Centroamérica referente al consumo de energía y petróleo. Analiza brevemente la situación mundial y centroamericana en torno al problema energético (oferta y demanda de energía proyecciones de esta oferta y demanda) revisa las políticas de planificación que se han realizado en este campo, especialmente el plan de acción inmediata de 1974. El de Desarrollo de fuentes primarias de energía formulado para los años 1975-76 y el de sustitución del petróleo por fuentes de energía local para 1977-82. Incluye datos estadísticos sobre producción y consumo de energía por países. /ACM  
650 |a AMERICA CENTRAL  
650 |a POLITICA ENERGETICA  
650 |a RECURSOS ENERGETICOS  
650 |a ENERGIA ELECTRICA  
650 |a CONSUMO DE ENERGIA  
650 |a PUB. SIECA  
999 |c 14790  |d 14790